000 02578nam a22003137a 4500
999 _c59346
_d59346
003 Ge_BSU
005 20230329122557.0
008 230126s2021 ge ||||| |||| 00| 0 geo d
020 _a9789941846755
041 _ageo
080 _a349.2 ღ-70
100 _aცქიტიშვილი, დიმიტრი
_916793
245 _aღირსეული შრომის დღის წესრიგი :
_bსაჭიროებების შეფასება და გზამკვლევი /
_cდიმიტრი ცქიტიშვილი, ვახტანგ ნაცვლიშვილი, სალომე ქაჯაია, ზაქარია შველიძე; რედაქტორი ნინო კალატოზიშვილი; მთარგმნელი ნინო კარანაძე; დიზაინერი ანა გაბუნია.
264 _aთბილისი,
_c2021.
300 _a180 გვ. ;
_b29 სმ.
500 _aკვლევა მომზადდა საქართველოში შრომის საერთაშორისო ორგანიზაციის პროექტის "ყოვლისმომცველი შრომის ბაზარი საქართველოში სამუშაო ადგილების შესაქმნელად" ფარგლებში, ფრიდრიხ ებერტის ფონდის მხარდაჭერით, დანიის საგარეო საქმეთა სამინისტროს დაფინანსებით.
504 _aბიბლიოგრაფია: გვ. 173-180.
653 _aშრომითი ხელშეკრულება
653 _aსამუშაო დრო
653 _aშრომითი უსაფრთხოება
700 _aნაცვლიშვილი, ვახტანგ
_eავტორი
_916794
700 _aქაჯაია, სალომე
_eავტორი
_916795
700 _aშველიძე, ზაქარია
_eავტორი
_98109
700 _aკალატოზიშვილი, ნინო
_eრედაქტორი
_913059
700 _aკარანაძე, ნინო
_eმთარგმნელი
_916796
700 _aგაბუნია, ანა
_eდიზაინერი
_916797
773 _tნაჩუქარი
942 _2udc
_cBK